Improving living conditions in Latin America through economic, social, and cultural rights : a strategy worth pursuing?
Saved in:
| Main Author: | |
|---|---|
| Format: | Manuscript |
| Language: | English |
| Published: |
2005 spring.
|
| Subjects: | |
| Tags: |
Add Tag
No Tags, Be the first to tag this record!
|
| LEADER | 00975ntm a2200289 a 4500 | ||
|---|---|---|---|
| 001 | 009707367-9 | ||
| 005 | 20060627141619.0 | ||
| 008 | 050706s2005 xx bm 000|0 eng d | ||
| 035 | 0 | |a ocm70680966 | |
| 040 | |a MH-L |c MH-L | ||
| 043 | |a cl----- | ||
| 050 | 4 | |a KG574 |b .S26x 2005 | |
| 100 | 1 | |a Sánchez, Gabriela Lucinda. | |
| 245 | 1 | 0 | |a Improving living conditions in Latin America through economic, social, and cultural rights : |b a strategy worth pursuing? |
| 246 | 3 | |a Harvard Law School thesis |5 law | |
| 260 | |c 2005 spring. | ||
| 300 | |a 92 leaves ; |c 28 cm. | ||
| 500 | |a Printout. | ||
| 500 | |a Caption title. | ||
| 500 | |a "Supervisor: Prof. James Cavallaro." | ||
| 502 | |a Thesis (LL. M.)--Harvard Law School, 2005. | ||
| 504 | |a Includes bibliographical references (leaves 83-92). | ||
| 650 | 0 | |a Human rights |z Latin America. | |
| 650 | 0 | |a Basic needs |x Law and legislation |z Latin America. | |
| 650 | 0 | |a Social rights |z Latin America. | |
| 988 | |a 20050706 | ||
| 906 | |0 MH | ||


